000 00266nam a2200109Ia 4500
008 230907s9999||||xx |||||||||||||| ||und||
082 _a681.28
_bLAN
100 _aUpp, E. L.
_9116162
245 0 _aFluid flow measurement :
300 _axiv, 282 pages :
942 _cBK
999 _c601384
_d601384